000 00362nam a22001337a 4500
005 20250703172637.0
008 250703b |||||||| |||| 00| 0 eng d
050 _aBS2361
_bMOU
100 _aMOULE C. F. D.
245 _aFORGIVENESS AND RECONCILIATION;
_bAND OTHER NEW TESTAMENT THEMES
260 _aLONDON
_bSPCK
_cc1998
300 _axi, 242p
942 _2lcc
_cBK
_n0
999 _c6843
_d6843